| 000 | 00620cam a22002293a 4500 | ||
|---|---|---|---|
| 001 | 19567 | ||
| 003 | PGUSA | ||
| 005 | 20140828083420.0 | ||
| 008 | 061017s2006||||xxu|||||s|||||000 | eng d | ||
| 040 |
_aPGUSA _beng |
||
| 042 | _adc | ||
| 050 | 4 | _aBR | |
| 100 | 1 |
_aSmith, Goldwin, _d1823-1910 |
|
| 245 | 1 | 0 |
_aNo Refuge but in Truth _h[electronic resource] / _cGoldwin Smith |
| 260 |
_bProject Gutenberg, _c2006 |
||
| 506 | _aPublic domain in the USA. | ||
| 516 | _aElectronic text | ||
| 653 | _aChristianity | ||
| 830 | 0 |
_aProject Gutenberg _v19567 |
|
| 856 | 4 | 0 | _uhttp://www.gutenberg.org/ebooks/19567 |
| 942 | _cEB | ||
| 999 |
_c248822 _d248822 |
||